Normal view
MARC view
- Suleman Khan
Entry Personal Name
001 - CONTROL NUMBER
- control field: 100783
003 - CONTROL NUMBER IDENTIFIER
- control field: NUST
005 - DATE AND TIME OF LATEST TRANSACTION
- control field: 20221019120539.0
008 - FIXED-LENGTH DATA ELEMENTS
- fixed length control field: 221019|| aca||aabn | a|a d
040 ## - CATALOGING SOURCE
- Original cataloging agency: NUST
- Transcribing agency: NUST
100 ## - HEADING--PERSONAL NAME
- Personal name: Suleman Khan
670 ## - SOURCE DATA FOUND
- Source citation: Work cat.: (NUST): Suleman Khan , TH-SOF-2094-Automatically Categorizing Software Technologies, 2022.
